| 000 | 00000nam##2200000za#4500 |
| 001 | 9.700347 |
| 003 | CaOODSP |
| 005 | 20210625000808 |
| 007 | cr ||||||||||| |
| 008 | 150407|1979||||xxc|||||o f|0| 0 eng|d |
| 040 | |aCaOODSP|beng |
| 043 | |an-cn--- |
| 086 | 1 |aA53-1343/1979E-PDF |
| 110 | 1 |aCanada.|bAgriculture Canada. |bInformation Services. |
| 245 | 12|aA checklist of ornamental trees for Canada / |h[electronic resource]|cRevision prepared by Trevor J. Cole. |
| 250 | |aPrinted 1968, revised 1979 |
| 260 | |aOttawa - Ontario : |bAgriculture Canada. |cc1979. |
| 300 | |a28p.|btables |
| 500 | |aHistorical publication digitized by Agriculture and Agri-Food Canada. |
| 590 | |a15-02-Supp|b2015-02-16 |
| 690 | 07|aEmergency preparedness|2gcpds |
| 690 | 07|aAgri-food industry|2gcpds |
| 690 | 07|aAgricultural technology|2gcpds |
| 720 | 1 |aCole, T. J. |
| 775 | 08|tListe d'arbres ornementaux pour le Canada / |w(CaOODSP)9.644244 |
| 856 | 40|ahttp://publications.gc.ca|qPDF|s1489 KB|uhttps://publications.gc.ca/collections/collection_2015/aac-aafc/A53-1343-1979-eng.pdf |
| 986 | |aPublication 1343 |